| 000 | 00978nam a22003017a 4500 | ||
|---|---|---|---|
| 001 | BR0303317 | ||
| 003 | BR-BrBNA | ||
| 005 | 20230928101310.0 | ||
| 007 | ta | ||
| 008 | 230509b bl.||||| |||| 00| 0 por d | ||
| 040 |
_aBR-BrBNA _bpor _cBiblioteca Nacional de Agricultura |
||
| 041 | _a(Por) | ||
| 072 |
_aP10; P33 _b1000 |
||
| 090 | _ 1000 BR0303317 | ||
| 100 | 1 | _aCruz, A.C.R. | |
| 110 | 1 |
_aEscola Superior de Agricultura Luiz de Queiroz, Piracicaba, SP (Brasil) _0Tese (Doutor em Agronomia) |
|
| 245 | 1 | _aConsumo de água por cultura de citros cultivada em latossolo vermelho amarelo | |
| 260 | 3 |
_aPiracicaba, SP (Brasil): _c2003. |
|
| 300 | _a92 p. | ||
| 500 | _aSummaries (Eng, Por); Bibliography p. 69-78; 13 illus.; 12 tables | ||
| 650 | _aFRUTA CITRICA | ||
| 650 | _aBALANÇO HÍDRICO | ||
| 650 | _aLATOSSOLO VERMELHO AMARELO | ||
| 650 | _aCLASSIFICAÇÃO DO SOLO | ||
| 650 | _aFÍSICA DO SOLO | ||
| 909 |
_a202309 _bLucia _c55 _dLucia Elande |
||
| 942 | _cBK | ||
| 999 |
_c65149 _d65149 |
||